Score 0/40 Timer 05:00
0 Plays Today
Clue Word % Correct
Not crazySANE
97.5%
Beach gritSAND
97.1%
Cosine and tangent partnerSINE
90.6%
Lisa and Maggie's brotherBART
89%
Early bird's rewardWORM
88.8%
Henry VIII's titleKING
88.7%
Mild temperatureWARM
87.9%
Basketball targetHOOP
87%
Eat a mealDINE
86.2%
Avian creatureBIRD
86.1%
Dog's greetingWOOF
86%
Raised blemishWART
86%
Cob foodCORN
84.4%
Natalie or ElijahWOOD
84.3%
Minstrel poetBARD
83.9%
Roosters roost hereCOOP
83.7%
Climbing or trailing plantVINE
83.2%
Where the Boyz areHOOD
82.6%
King's 'The Green ____'MILE
82.1%
Rank between Pvt. And Sgt.CORP
82%
Clue Word % Correct
Needed for Vegas crapsDICE
80.2%
CattleKINE
78.7%
To long forPINE
78.3%
Pulp Fiction's RhamesVING
77.3%
Pixie and Dixie were theseMICE
76.3%
Buffalo or HickokBILL
73.3%
Water conduitPIPE
71.3%
Former Browns QB BrianSIPE
67.4%
Make a boo-booGOOF
67.3%
Tiger's gameGOLF
66.5%
Sean Penn Oscar roleMILK
65.7%
Enterprise's Klingon OfficerWORF
64.2%
Roll a log in water by runningBIRL
63.5%
Picador's preyBULL
61.2%
Reverse flow?WOLF
58.9%
Pitiably abandonedLORN
58.9%
LegendsLORE
58.9%
Take money by trickeryBILK
55.2%
Mass or volumeBULK
54.4%
Ancient stringed instrumentLYRE
53.8%

Today's Daily Dose

Remove Ads.
Support Sporcle.
Get the best of Sporcle when you Go Orange. This ad-free experience offers more features, more stats, and more fun while also helping to support Sporcle. Thank you for becoming a member.

You're not logged in!

Compare scores with friends on all Sporcle quizzes.
OR
Log In

Show Comments

Extras

Top Quizzes Today


Score Distribution

Your Account Isn't Verified!

In order to create a playlist on Sporcle, you need to verify the email address you used during registration. Go to your Sporcle Settings to finish the process.

Report this User

Report this user for behavior that violates our Community Guidelines.

Details: